| 000 | 00587nam a2200217Ia 4500 | ||
|---|---|---|---|
| 005 | 20230705090048.0 | ||
| 008 | 131103s9999 xx 000 0 und d | ||
| 040 | _aLoreto College | ||
| 041 | _aEnglish | ||
| 082 |
_a944.05 _bCOO |
||
| 100 | _aCooper,Duff | ||
| 245 |
_aTalleyrand _cDuff Cooper |
||
| 260 |
_aLondon _bArrow Books _c1958 |
||
| 300 |
_a334 p. _b ill. |
||
| 440 | _aThe Bedford Historical Series | ||
| 504 | _aIncludes bibliographical references and index | ||
| 650 | _aFrench Revolution | ||
| 651 | _aFrance - History,1804 - 1815 | ||
| 850 | _aLCLIB | ||
| 942 | _cBK | ||
| 999 |
_c8222 _d58701 |
||